| 000 | 00570nam a2200205Ia 4500 | ||
|---|---|---|---|
| 003 | GCL | ||
| 008 | 140319s9999 xx 000 0 ara d | ||
| 040 |
_aGCL / _cGCL |
||
| 082 | 0 | 4 |
_a812.009 _bم ف |
| 100 | 1 | _aمحمد مندور | |
| 245 | 1 | 0 |
_aفى المسرح المصرى المعاصر / _cمحمد مندور |
| 260 |
_a[S.N] : _bدار نهضة مصر للطبع والنشر |
||
| 300 | _a278 ص | ||
| 490 | _a | ||
| 650 | 0 | 4 | _aالادب العربى |
| 650 | 0 | 4 | _aمصر |
| 650 | 0 | 4 | _aالمسرح |
| 650 | 0 | 4 | _aتاريخ ونقد |
| 942 |
_2ddc _cBK |
||
| 999 |
_c31203 _d31203 |
||